2023 AFL Brownlow Medal Vote Getters - Statistics

General Stats
  • This quiz has been taken 38 times
  • The average score is 31 of 43
Answer Stats
Hint Answer % Correct
Fremantle * Caleb Serong
97%
Melbourne Christian Petracca
97%
Port Adelaide Connor Rozee
97%
Brisbane Lions Lachie Neale
97%
Western Bulldogs Marcus Bontempelli
97%
Collingwood Nick Daicos
97%
Carlton Patrick Cripps
97%
GWS * Tom Green
97%
Port Adelaide Zak Butters
97%
Sydney Errol Gulden
94%
Adelaide Jordan Dawson
94%
Gold Coast Noah Anderson
94%
GWS Toby Greene
90%
Essendon * Zach Merrett
87%
Sydney Chad Warner
84%
St Kilda Jack Steele
84%
St Kilda Jack Sinclair
81%
Hawthorn Jai Newcombe
77%
Melbourne Jack Viney
74%
Gold Coast Matt Rowell
74%
Richmond Tim Taranto
74%
Fremantle Andrew Brayshaw
71%
Carlton Charlie Curnow
71%
Essendon Nic Martin
71%
Hawthorn * James Sicily
68%
Geelong Jeremy Cameron
68%
North Melbourne Luke Davies-Uniacke
68%
Geelong Patrick Dangerfield
68%
Adelaide Taylor Walker
68%
Essendon Darcy Parish
65%
West Coast Tim Kelly
65%
Adelaide Rory Laird
61%
Richmond Shai Bolton
58%
Western Bulldogs Tim English
58%
Western Bulldogs Tom Liberatore
58%
GWS Stephen Coniglio
52%
St Kilda Brad Crouch
45%
Sydney * Luke Parker
45%
Port Adelaide Jason Horne-Francis
42%
Hawthorn James Worpel
39%
Brisbane Joe Daniher
29%
Collingwood Tom Mitchell
26%
Brisbane Will Ashcroft
26%
No matching quizzes found
Score Distribution
Percent of People with Each Score
Percentile by Number Answered
Your Score History
You have not taken this quiz